000 01154nem a2200265 i 4500
001 186143
003 ES-MaACL
005 20230906222614.0
008 160913s1959 sp | | | ||spa d
130 0 _aEspaña. E.
_kCarreteras.
_f1959.
_9160813
245 1 0 _aEspaña y Portugal [
_hMaterial cartográfico] /
_c[una producción Foldex].
255 _aEscala 1:600.000.
260 _aMadrid :
_bEditorial Almax,
_cD.L. 1959.
300 _a1 mapa :
_bambas caras, col. ;
_cen h. de 50 x 96 cm, pleg. en 28 x 13 cm.
490 1 _aMapa de carreteras y turístico de España y Portuga ;
_v4-3
522 _aAbarca la parte central de Portugal y de España, incluidas las Islas Baleares.
592 _aRelieve representado por sombreado. - Hidrografía. - Carreteras.
594 _aTítulo de la cubierta: Mapa de carreteras y turístico de España y Portugal.
710 2 _aFoldex.
_9160814
730 0 _aEspaña. O.
_kCarreteras.
_f1959.
_9160815
730 0 _aPortugal.
_kCarreteras.
_f1959.
_9160816
830 0 _aMapa de carreteras y turístico de España y Portuga ;
_v4-3
_9192497
852 _aES-MaACL
_jE-4455
999 _c186143
_d186143